Statistics for 1998-2000 Super Rugby Finals - Crusaders Starting XVs

Click here to take the quiz!

General Stats

  • This quiz has been taken 84 times
  • The average score is 17 of 26

Answer Stats

Answer% Correct
Justin Marshall
100%
Andrew Mehrtens
95%
Todd Blackadder
89%
Scott Robertson
86%
Mark Hammett
82%
Leon MacDonald
75%
Reuben Thorne
75%
Caleb Ralph
74%
Norm Maxwell
74%
Greg Somerville
70%
Norm Berryman
70%
Tabai Matson
67%
Mark Mayerhofler
65%
Ron Cribb
65%
Greg Feek
63%
James Kerr
60%
Stu Loe
60%
Daryl Gibson
56%
Aaron Flynn
53%
Marika Vunibaka
53%
Afato So'oalo
47%
Mark Robinson
47%
Steve Surridge
46%
Angus Gardiner
44%
Kevin Nepia
44%
Ben Hurst
40%

Score Distribution

Percentile by Number Answered

Percent of People with Each Score

Your Score History

You have not taken this quiz